Villes des 3 premiers divisions du Rugby Français - Statistiques

Statistiques générales
  • Ce quiz a été pris 1 544 fois
    642 depuis la dernière actualisation
  • Le résultat moyen est 35 sur 50
Statistiques - réponses
Division Région Département Réponse % Correct
Top 14 Occitanie Haute-Garonne Toulouse
98%
Top 14 Auvergne-Rhône-Alpes Puy-de-Dôme Clermont-Ferrand
97%
Top 14 Auvergne-Rhône-Alpes Rhône Lyon
96%
Top 14 Provence-Alpes-Côte d'Azur Var Toulon
96%
Top 14 Nouvelle-Aquitaine Gironde Bordeaux / Bègles
95%
Top 14 Occitanie Hérault Montpellier
95%
Pro D2 Bretagne Morbihan Vannes
95%
Top 14 Bretagne Morbihan Vannes
95%
Top 14 Nouvelle-Aquitaine Pyrénées-Atlantiques Pau
94%
Top 14 Nouvelle-Aquitaine Pyrénées-Atlantiques Bayonne
93%
Top 14 Nouvelle-Aquitaine Charente-Maritime La Rochelle
93%
Top 14 Île-de-France - Paris
93%
Top 14 Occitanie Pyrénées-Orientales Perpignan
91%
Pro D2 Nouvelle-Aquitaine Pyrénées-Atlantiques Biarritz
86%
Top 14 Occitanie Tarn Castres
86%
Pro D2 Nouvelle-Aquitaine Corrèze Brive-la-Gaillarde
84%
Pro D2 Auvergne-Rhône-Alpes Isère Grenoble
84%
Nationale Provence-Alpes-Côte d'Azur Alpes-Maritimes Nice
84%
Pro D2 Provence-Alpes-Côte d'Azur Alpes-Maritimes Nice
84%
Pro D2 Occitanie Tarn-et-Garonne Montauban
77%
Pro D2 Nouvelle-Aquitaine Landes Dax
76%
Pro D2 Provence-Alpes-Côte d'Azur Bouches-du-Rhône Aix-en-Provence
73%
Pro D2 Nouvelle-Aquitaine Landes Mont-de-Marsan
73%
Pro D2 Occitanie Hérault Béziers
72%
Pro D2 Auvergne-Rhône-Alpes Cantal Aurillac
70%
Nationale Occitanie Aude Narbonne
70%
Top 14 Auvergne-Rhône-Alpes Ain Oyonnax
69%
Pro D2 Auvergne-Rhône-Alpes Ain Oyonnax
69%
Pro D2 Nouvelle-Aquitaine Lot-et-Garonne Agen
68%
Pro D2 Nouvelle-Aquitaine Charente Angoulême / Soyaux
68%
Nationale Occitanie Aude Carcassonne
68%
Pro D2 Bourgogne-Franche-Comté Nièvre Nevers
65%
Pro D2 Auvergne-Rhône-Alpes Drôme Valence / Romans-sur-Isère
65%
Pro D2 Occitanie Haute-Garonne Colomiers
63%
Pro D2 Normandie Seine-Maritime Rouen
63%
Nationale Normandie Seine-Maritime Rouen
63%
Nationale Occitanie Tarn Albi
62%
Nationale Auvergne-Rhône-Alpes Ain Bourg-en-Bresse
60%
Nationale Occitanie Hautes-Pyrénées Tarbes
60%
Nationale Île-de-France Essonne Massy
59%
Top 14 Île-de-France Hauts-de-Seine Le Plessis-Robinson / Nanterre
55%
Nationale Auvergne-Rhône-Alpes Savoie Chambéry
54%
Nationale Nouvelle-Aquitaine Dordogne Périgueux
50%
Nationale Auvergne-Rhône-Alpes Isère Bourgoin-Jallieu
44%
Nationale Provence-Alpes-Côte d'Azur Var Hyères / Carqueiranne / La Crau
40%
Nationale Île-de-France Hauts-de-Seine Suresnes
33%
Nationale Nouvelle-Aquitaine Gironde Langon
28%
Nationale Hauts-de-France Nord Marcq-en-Baroeul
24%
Nationale Occitanie Haute-Garonne Blagnac
10%
Nationale Auvergne-Rhône-Alpes Isère Vienne
10%
Aucun quiz correspondant
Distribution des résultats
% des personnes avec chaque résultat
Percentile par nombre de réponses
Votre historique - résultats
Vous n’avez pas pris ce quiz depuis la dernière actualisation